| 000 | 01083cab a2200325 4500 | ||
|---|---|---|---|
| 001 | ABS58482 | ||
| 008 | 090401t1998 xxu||||| |||| 00| 0 eng d | ||
| 035 | _a(Sirsi) u84830 | ||
| 041 | _aeng | ||
| 245 | _aEurope | ||
| 260 | _c1998 | ||
| 350 | _a0 | ||
| 490 |
_aProperty Week Supplement _vMarch 1998, 44p LOAN |
||
| 520 | _aFeatures Euromatrix 1st Quarter 1998 ranking european countries in terms of their attractivess to investors, the activities of UK and US investors in Europe, a profile of Algarve property developer Andre Jordan and and German property fund CGI, an overview of the IDRC world congress concluding with market focuses on the Czech Republic and Spain. | ||
| 650 | _aCGI | ||
| 650 | _aCORPORATE REAL ESTATE MANAGEMENT | ||
| 650 | _aCZECH REPUBLIC | ||
| 650 | _aEUROPE | ||
| 650 | _aHAMMERSON | ||
| 650 | _aHERON | ||
| 650 | _aIDRC | ||
| 650 | _aOVERSEAS INVESTMENT | ||
| 650 | _aSLOUGH ESTATES | ||
| 650 | _aSPAIN | ||
| 650 | _aUNITED STATES | ||
| 650 | _aWAL-MART | ||
| 690 | _aOVERSEAS-EUROPE | ||
| 942 | _n0 | ||
| 948 | _c12/03/1998 | ||
| 999 |
_c53341 _d53341 |
||